| 000 | 00473nam a2200181Ia 4500 | ||
|---|---|---|---|
| 003 | OSt | ||
| 005 | 20230716193659.0 | ||
| 008 | 211109s9999||||xx |||||||||||||| ||und|| | ||
| 040 | _cS | ||
| 082 |
_a891.431 _bTIW-N |
||
| 100 | _aTiwari, Santhosh Kumar | ||
| 245 | 0 | _aNaye Kavi: Ek Adhyana | |
| 260 |
_bBharathiya Grantha Nekathan _aNew Delhi _c1991 |
||
| 300 | _a184p. | ||
| 630 | _xgeneral stack | ||
| 650 |
_aHINDI Literature _vHINDI FICTION _xGeneralia |
||
| 942 | _cBOOK | ||
| 999 |
_c53680 _d53680 |
||